<?xml version="1.0" encoding="UTF-8"?>
<record
    xmlns:xsi="http://www.w3.org/2001/XMLSchema-instance"
    xsi:schemaLocation="http://www.loc.gov/MARC21/slim http://www.loc.gov/standards/marcxml/schema/MARC21slim.xsd"
    xmlns="http://www.loc.gov/MARC21/slim">

  <leader>00982na  a2200253   4500</leader>
  <controlfield tag="001">22599</controlfield>
  <controlfield tag="003">MIRAKIL</controlfield>
  <controlfield tag="005">20181213155018.0</controlfield>
  <controlfield tag="008">170220b        tu            000 0      </controlfield>
  <datafield tag="035" ind1=" " ind2=" ">
    <subfield code="a">13708</subfield>
  </datafield>
  <datafield tag="040" ind1=" " ind2=" ">
    <subfield code="a">Milas</subfield>
    <subfield code="b">tur</subfield>
    <subfield code="c">TR-AnCHP</subfield>
  </datafield>
  <datafield tag="041" ind1=" " ind2=" ">
    <subfield code="a">tur</subfield>
  </datafield>
  <datafield tag="082" ind1=" " ind2=" ">
    <subfield code="a">ATA 709.561</subfield>
    <subfield code="b">T96 [1985?]</subfield>
  </datafield>
  <datafield tag="090" ind1=" " ind2=" ">
    <subfield code="a">ATA 709.561 T96 [1985?]</subfield>
  </datafield>
  <datafield tag="245" ind1=" " ind2=" ">
    <subfield code="a">T&#xFC;rkiye</subfield>
    <subfield code="b">Revue publiee par la direction g&#xE9;n&#xE9;rale de la presse de la Radiodiffusion et du Tourisme</subfield>
  </datafield>
  <datafield tag="246" ind1=" " ind2=" ">
    <subfield code="a">Revue publiee par la direction g&#xE9;n&#xE9;rale de la presse de la Radiodiffusion et du Tourisme</subfield>
  </datafield>
  <datafield tag="300" ind1=" " ind2=" ">
    <subfield code="a">81, [8] s.</subfield>
    <subfield code="b">res. (baz&#x131;s&#x131; rnk.).</subfield>
    <subfield code="c">33 sm.</subfield>
  </datafield>
  <datafield tag="490" ind1=" " ind2=" ">
    <subfield code="a">Revue publi&#xE9;e par la direction g&#xE9;n&#xE9;rale de la presse de la Radiodiffusion et du Tourisme</subfield>
    <subfield code="v">No.1</subfield>
  </datafield>
  <datafield tag="600" ind1=" " ind2=" ">
    <subfield code="a">Atat&#xFC;rk, Mustafa Kemal</subfield>
    <subfield code="d">1881-1938</subfield>
    <subfield code="x">Resimli yap&#x131;tlar</subfield>
  </datafield>
  <datafield tag="650" ind1=" " ind2=" ">
    <subfield code="a">Atat&#xFC;rk&#xE7;&#xFC;l&#xFC;k</subfield>
  </datafield>
  <datafield tag="650" ind1=" " ind2=" ">
    <subfield code="a">T&#xFC;rk sanat&#x131;</subfield>
    <subfield code="x">Tarih</subfield>
    <subfield code="y">Resimli yap&#x131;tlar</subfield>
  </datafield>
  <datafield tag="651" ind1=" " ind2=" ">
    <subfield code="a">T&#xFC;rkiye</subfield>
    <subfield code="x">Tarih</subfield>
    <subfield code="y">Resimli yap&#x131;tlar</subfield>
    <subfield code="y">Atat&#xFC;rk d&#xF6;nemi</subfield>
  </datafield>
  <datafield tag="942" ind1=" " ind2=" ">
    <subfield code="2">ddc</subfield>
    <subfield code="c">BKS</subfield>
  </datafield>
  <datafield tag="952" ind1=" " ind2=" ">
    <subfield code="5">1</subfield>
    <subfield code="a">0001</subfield>
    <subfield code="b">0001</subfield>
    <subfield code="d">2017-02-20</subfield>
    <subfield code="e">2</subfield>
    <subfield code="f"> ATAT&#xDC;RK</subfield>
    <subfield code="l">0</subfield>
    <subfield code="o">ATA 709.561 T96 [1985?]</subfield>
    <subfield code="p">016627</subfield>
    <subfield code="r">2017-02-20 00:00:00</subfield>
    <subfield code="v">0.00</subfield>
    <subfield code="w">2017-02-20</subfield>
    <subfield code="y">BKS</subfield>
  </datafield>
  <datafield tag="999" ind1=" " ind2=" ">
    <subfield code="c">4776</subfield>
    <subfield code="d">4776</subfield>
  </datafield>
</record>
